000 01007nam a2200301 a 4500
001 25641
003 CO-ViMGA
008 141112s2004 ck r 000 u spa d
020 _a9789589760444
040 _aCO-ViMGA
_bspa
_cCO-ViMGA
041 _aSPA
090 _aN VER2
100 1 _aVerne, Julio, 1828 - 1905
_939366
245 1 0 _aDe la tierra a la luna /
_cJulio Verne ; ilustraciones Raineiro Cobos ; traducción Rosario Ravelo Montes
250 _a3a ed.
260 _aBogotá :
_bCangrejo; Gato Azul,
_c2013
300 _a238 p. : il. col.
490 _aJulio Verne
500 _aTítulo original : De la terre Ó la lune
650 1 4 _aAUTORES FRANCESES
_91076
650 1 4 _aESPACIO EXTERIOR - EXPLORACION - NOVELA
_939367
650 1 4 _aLITERATURA FRANCESA - SIGLO XIX
_939368
650 1 4 _aNOVELA FRANCESA - SIGLO XIX
_939369
650 1 4 _aVIAJES INTERPLANETARIOS - NOVELA
_923440
700 1 _aCobos, Raineiro
_939370
700 1 _aRavelo Montes, Rosario
_939371
942 _2ddc
_cBK
999 _c5214
_d5214